The surveyor's utmost desire fulfilled (Record no. 113437)

MARC details
000 -LEADER
fixed length control field 00812cam a22001935a 4500
001 - CONTROL NUMBER
control field L155265
008 - FIXED-LENGTH DATA ELEMENTS--GENERAL INFORMATION
fixed length control field 120314s1727 xxk f 000 0 eng d
035 ## - SYSTEM CONTROL NUMBER
System control number (Sirsi) u155265
041 0# - LANGUAGE CODE
Language code of text/sound track or separate title eng
100 1# - MAIN ENTRY--PERSONAL NAME
Personal name Douglas, James
Titles and words associated with a name Brigadier General
245 04 - TITLE STATEMENT
Title The surveyor's utmost desire fulfilled
Remainder of title or, the art of planometry, longemetry, and altemetry, Brought to its greatest Perfection, by the Help of the Ungraduated Instrument, called the Infallible.
260 ## - PUBLICATION, DISTRIBUTION, ETC.
Place of publication, distribution, etc. London
Name of publisher, distributor, etc. printed for John Osborn, and Thomas Longman, at the Ship in Pater-Noster-Row
Date of publication, distribution, etc. M.DCC.XXVII. [1727]
300 ## - PHYSICAL DESCRIPTION
Extent 96p., plates
Other physical details ill.
Dimensions 8o
520 ## - SUMMARY, ETC.
Summary, etc. The dedication signed: James Douglas.
583 ## - ACTION NOTE
Action Condition reviewed
Time/date of action 20120620
Status condition level 1
651 #4 - SUBJECT ADDED ENTRY--GEOGRAPHIC NAME
Geographic name Great Britain
Chronological subdivision 1707-
690 ## - LOCAL SUBJECT ADDED ENTRY--TOPICAL TERM (OCLC, RLIN)
Topical term or geographic name as entry element Measurement
9 (RLIN) 6256
942 ## - ADDED ENTRY ELEMENTS (KOHA)
Suppress in OPAC 0
Holdings
Withdrawn status Lost status Source of classification or shelving scheme Damaged status Not for loan Home library Current library Shelving location Date acquired Total Checkouts Full call number Barcode Date last seen Copy number Price effective from Koha item type
    Dewey Decimal Classification     Historic collection Historic collection Historic collection 14/03/2012   OCTAVO 1727 DOUGLAS 30077643 06/08/2019 1 06/08/2019 Book